000 00339 a2200157 4500
001 162658
020 _a
040 _cMagnum
100 _aCadore, Luis Agostinho
240 1 0 _aCurso pratico de portugues
_lpor
245 1 0 _aCurso pratico de portugues
362 0 _a1899
440 1 _aÁtica
697 _aPARADIDATICO
942 _cBK
999 _c162658
_d162658